000 00507cam a2200205ua 4500
001 7375
005 20260515114213.0
008 141208n ii |||gr||||Z||||||ben
040 _cMAIN
041 _aben
082 _a891.444
100 _aConant, J. B.,
_eAuthor.
245 1 _aModern science and modern man
_cBy James B. Conant
250 _a1st.
260 _aBombay:
_bPaul,
_c1959.
300 _a86p.
653 _aEast Indo-European & Celtic literatures
653 _aBengali essays
942 _cBK
999 _c6495
_d6495